000 00698nam a22002177a 4500
005 20100811134724.0
010 _aENG-99616
020 _c195.00
035 _aEN-83148
037 _bDBAD/PUB
082 _a230.42
100 _aArya, Rajiv
_910949
245 _aLove Unconditional /
_cby Rajiv Arya
260 _aNew Delhi
_bRajiv Arya
_c2008
270 _a184, Raja Garden
_bNew Delhi
_e110015
300 _a114p.
_c20cm (pbk)
650 _aMeditation
_910950
650 _aMoral theology
_910951
942 _2ddc
_cEN
_h230.42
_mARY
999 _c40979
_d40979